|
|
|
|
| LEADER |
03441nam a22003977a 4500 |
| 001 |
44895 |
| 003 |
BD-DhAAL |
| 005 |
20251009121751.0 |
| 008 |
251009t2012 xxk| s |||| 0|eng d |
| 020 |
|
|
|a 9781447158424 (pbk)
|
| 020 |
|
|
|a 9781447124160 (eBook)
|
| 040 |
|
|
|a BD-DhAAL
|c BD-DhAAL
|
| 082 |
|
|
|a 004.36
|2 23
|
| 100 |
|
|
|a Birman, Kenneth P.,
|e author.
|9 59542
|
| 245 |
|
|
|a Guide to reliable distributed systems :
|b building high-assurance applications and cloud-hosted services /
|c Kenneth P. Birman.
|
| 246 |
1 |
8 |
|a Guide to reliable distributed systems
|
| 260 |
|
|
|a London :
|b Springer,
|c 2012.
|
| 300 |
|
|
|a xxii, 730 pages :
|b illustrations ;
|c 24 cm
|
| 490 |
|
|
|a Texts in Computer Science,
|x 1868-0941
|
| 504 |
|
|
|a Includes bibliographical references and index.
|
| 526 |
|
|
|a CSE
|x Annajiat Alim Rasel
Senior Lecturer
Department of Computer Science and Engineering
BRAC University
Course Name : Distributed Computing Systems (CSE 707)
|
| 541 |
|
|
|a Hye Trade International
|e 44895, 44896, 44897, 44898, 44899
|
| 650 |
|
|
|a Computer science.
|
| 650 |
|
|
|a Operating systems (Computers).
|
| 650 |
|
|
|a Distributed operating systems (Computers).
|9 59283
|
| 650 |
|
|
|a Cloud computing.
|
| 650 |
|
|
|a Computer network architectures.
|
| 830 |
|
|
|a Texts in Computer Science,
|x 1868-0941
|
| 852 |
|
|
|a Ayesha Abed Library
|c General Stacks
|
| 942 |
|
|
|c BK
|2 ddc
|
| 999 |
|
|
|c 47442
|d 47442
|
| 952 |
|
|
|0 0
|1 0
|2 ddc
|4 0
|6 004_360000000000000_BIR
|7 0
|9 78310
|a BRACUL
|b BRACUL
|c GEN
|d 2025-10-08
|e Hye Trade International
|g 4760.00
|l 0
|o 004.36 BIR
|p 3010044897
|r 2025-10-08
|t 3
|v 9520.00
|w 2025-10-08
|y BK
|x Requisitioned by Annajiat Alim Rasel (Senior Lecturer, Department of Computer Science and Engineering, BRAC University) for the course named- 'Distributed Computing Systems (CSE 707)'
|
| 952 |
|
|
|0 0
|1 0
|2 ddc
|4 0
|6 004_360000000000000_BIR
|7 0
|9 78311
|a BRACUL
|b BRACUL
|c NEW
|d 2025-10-08
|e Hye Trade International
|g 4760.00
|l 0
|o 004.36 BIR
|p 3010044895
|r 2025-10-08
|t 1
|v 9520.00
|w 2025-10-08
|y BK
|x Requisitioned by Annajiat Alim Rasel (Senior Lecturer, Department of Computer Science and Engineering, BRAC University) for the course named- 'Distributed Computing Systems (CSE 707)'
|
| 952 |
|
|
|0 0
|1 0
|2 ddc
|4 0
|6 004_360000000000000_BIR
|7 0
|9 78312
|a BRACUL
|b BRACUL
|c CIR
|d 2025-10-08
|e Hye Trade International
|g 4760.00
|l 0
|o 004.36 BIR
|p 3010044896
|r 2025-10-08
|t 2
|v 9520.00
|w 2025-10-08
|y 1HOUR
|x Requisitioned by Annajiat Alim Rasel (Senior Lecturer, Department of Computer Science and Engineering, BRAC University) for the course named- 'Distributed Computing Systems (CSE 707)' ; As instructed by the University Librarian, if five or more copies of a book are received, one copy shall be placed on a one hour loan.
|
| 952 |
|
|
|0 0
|1 0
|2 ddc
|4 0
|6 004_360000000000000_BIR
|7 0
|9 78313
|a BRACUL
|b BRACUL
|c GEN
|d 2025-10-08
|e Hye Trade International
|g 4760.00
|l 0
|o 004.36 BIR
|p 3010044898
|r 2025-10-08
|t 4
|v 9520.00
|w 2025-10-08
|y BK
|x Requisitioned by Annajiat Alim Rasel (Senior Lecturer, Department of Computer Science and Engineering, BRAC University) for the course named- 'Distributed Computing Systems (CSE 707)'
|
| 952 |
|
|
|0 0
|1 0
|2 ddc
|4 0
|6 004_360000000000000_BIR
|7 0
|9 78314
|a BRACUL
|b BRACUL
|c GEN
|d 2025-10-08
|e Hye Trade International
|g 4760.00
|l 0
|o 004.36 BIR
|p 3010044899
|r 2025-10-08
|t 5
|v 9520.00
|w 2025-10-08
|y BK
|x Requisitioned by Annajiat Alim Rasel (Senior Lecturer, Department of Computer Science and Engineering, BRAC University) for the course named- 'Distributed Computing Systems (CSE 707)'
|